000 02581nam a2200241 4500
005 20250618204447.0
008 190415s2025 000 0 eng d
040 _aCO-CtgCURN
_bspa
_ccoctgcurn
082 0 _aINQ 2025
_bV441
100 1 _aVellojin Nisperuza, Reina .
245 1 0 _aFactores de riesgo de depresión en estudiantes del área de la salud en una ies de la ciudad de cartagena en el año 2024.. /
_cReina Vellojin Nisperuza; Nicolas Ríos Puerta; Kevin Peralta Cotera; Directores: Stephanye Carrillo Gonzalez; Jaime Alberto Lorduy Gomez.
260 _aCartagena de Indias :
_bCorporación Universitaria Rafael Nuñez,
_c2025.
300 _a70 hojas.
504 _aTrabajo de grado (Instrumentación quirúrgica). Corporación Universitaria Rafael Nuñez. Facultad de Ciencias de la Salud. Instrumentación Quirúrgica, 2025.
520 _a" En la actualidad la salud mental se ha convertido en un asunto de gran importancia ya que una considerada parte de la poblacin presenta este tipo de problemas como depresin y ansiedad. La salud mental se refiere al estado general de bienestar emocional, psicolgico y social de una persona. Incluye la capacidad de manejar el estrs, las emociones, las relaciones interpersonales y enfrentar los desafos de la vida de manera efectiva. Tambin ayuda a determinar cmo manejamos el estrs, nos relacionamos con los dems y tomamos decisiones. La salud mental es importante en todas las etapas de la vida, desde la niez y la adolescencia hasta la adultez y la vejez. Por otra parte, la depresin es un sentimiento de tristeza y/o una disminucin del inters o del placer en las actividades que se convierte en un trastorno cuando es lo suficientemente intensa como para interferir con el funcionamiento normal de la persona. Los factores que pueden contribuir a la depresin incluyen desequilibrios qumicos en el cerebro, factores genticos, eventos traumticos, estrs crnico, enfermedades fsicas y ciertos medicamentos. Las causas especficas varan de una persona a otra y pueden ser una combinacin de varios factores."
650 0 _aInstrumentación quirúrgica
_vTesis y disertaciones academicas.
700 1 _aOlaya Arce, Nicole Valentina.
700 1 _aCifuentes Bueres, Hernando,
_eAsesor.
700 1 _aLorduy Gómez, Jaime Alberto,
_eAsesor.
856 _uhttps://unicurn.sharepoint.com/:b:/s/biblioteca/ETinw3V2Uv5Avk_Qvhmey1kBBG7M5cuT_ohTxjvyy8MU6Q?e=UWaMwG
_zClick aqui para ver el recurso en texto completo
942 _2ddc
_cTG
_hINQ 2025
_iV441
999 _c49023
_d49023